Normal view MARC view
  • CRAIGE,CHARLES R. AND STITZEL, ROBERT E

Entry Personal Name

Number of records used in: 1

001 - CONTROL NUMBER

  • control field: 7452

003 - CONTROL NUMBER IDENTIFIER

  • control field: OSt

005 - DATE AND TIME OF LATEST TRANSACTION

  • control field: 20230109142326.0

008 - FIXED-LENGTH DATA ELEMENTS

  • fixed length control field: 230109|| aca||aabn | a|a d

040 ## - CATALOGING SOURCE

  • Original cataloging agency: OSt
  • Transcribing agency: OSt

100 ## - HEADING--PERSONAL NAME

  • Personal name: CRAIGE,CHARLES R. AND STITZEL, ROBERT E

670 ## - SOURCE DATA FOUND

  • Source citation: Work cat.: (OSt)8192: CRAIGE,CHARLES R. AND STITZEL, ROBERT E., MODERN PHARMACOLOGY WITH CLINICAL APPLICATIONS